Upside-Down Calculator Spelling Quiz Stats

 Plays Quiz not verified by Sporcle

Score 0/28 Timer 12:00
0 Plays Today
Clue Numbers Entered % Correct
A Holy book37818
76.8%
2009 Fox TV show about a school choir3376
63%
Stamp collecting, gardening and watching TV are examples of these5318804
58.4%
Coating applied to lips to make them shiny55076
57.3%
State capital of Idaho35108
55.6%
Calvin's tiger538804
54.3%
Shakespeare's theatre, or a Boston newspaper38076
53.2%
Talks like a turkey5378806
52.8%
Websites consisting of regular entries of descriptive narrative and/or opinions56078
51%
Honking birds35336
50%
Rustic mountain people (even if they move to Beverly)53177187714
49.1%
Saturday Night Fever's 'Stayin Alive' band5336338
47.3%
Storage buildings for grain50715
46.9%
Plural form of the word describing the study of life and living organisms531607018
43.1%
Clue Numbers Entered % Correct
Game that uses a timer and sixteen lettered dice376608
42.3%
Laughs in a bubbly way5376616
38.9%
The red-footed or blue-flooted varieties of these birds can be found on the Galapagos5318008
33.3%
Nick name of Black Sox member Joe Jackson55373045
31.1%
British policemen5318808
30.4%
Penniless vagabonds; Britt, Iowa hosts their annual National Convention50804
27.7%
A yellowish cream colour; the most popular colour of cargo pants after khaki36138
27.3%
Toronto Raptors' leading scorer, 2003 - 2009, or an interjection meaning 'Nonsense!'4508
21%
First two words of 'Winter Wonderland'57738461375
20.5%
Band that had hits with 'Long Cool Woman in a Black Dress' and 'Bus Stop' - they were named after a singer killed in a plane crash5317704
16.6%
Opening track on AC/DC's 'Back In Black' album5773857734
14.8%
'Mutiny on the Bounty' Captain46178
12.4%
Effeminate cowards5315515
9.6%
#1 hit for A Taste of Honey in 19783160031600316008
4.6%

You're not logged in!

Compare scores with friends on all Sporcle quizzes.
OR
Log In

Show Comments

Extras

Top Quizzes Today


Score Distribution

Your Account Isn't Verified!

In order to create a playlist on Sporcle, you need to verify the email address you used during registration. Go to your Sporcle Settings to finish the process.

Report this User

Report this user for behavior that violates our Community Guidelines.

Details: